[Event "Estadal Maxima"]
[Site "Maracaibo"]
[Date "2002.11.02"]
[Round "4"]
[White "Ugarte, Reynaldo"]
[Black "Aguirre, Anibal"]
[Result "0-1"]
[WhiteElo "2048"]
[BlackElo "1626"]
[PlyCount "77"]
[EventDate "2002.11.01"]
[EventType "swiss"]
[EventRounds "6"]
[EventCountry "VEN"]
[EventCategory "1"]
[SourceTitle "CBM 091 Extra"]
[Source "ChessBase"]
[SourceDate "2003.01.09"]
[SourceVersion "1"]
[SourceVersionDate "2003.01.09"]
[SourceQuality "1"]

1. Nf3 Nf6 2. b3 e6 3. Bb2 c5 4. e3 Nc6 5. a3 a6 6. d4 d5 7. Nbd2 Be7 8. Bd3 b5 9. c4 bxc4 10. bxc4 dxc4 11. Nxc4 cxd4 12. Nxd4 Bb7 13. Qa4 Rc8 14. 0-0 0-0 15. Rfd1 Qc7 16. h3 Nd7 17. Rac1 Nc5 18. Qc2 Nxd3 19. Rxd3 Nxd4 20. Bxd4 Be4 21. Bb2 Bxd3 22. Qxd3 Qb7 23. Qe2 Rfd8 24. Qg4 g6 25. Be5 Qd5 26. e4 Qd3 27. Rc3 Qd1+ 28. Kh2 Qxg4 29. hxg4 f6 30. Nb6 Rxc3 31. Bxc3 Rd3 32. Bb2 Bd6+ 33. e5 Bxe5+ 34. Bxe5 fxe5 35. Nc4 e4 36. a4 Rd4 37. Nb6 a5 38. Kg3 g5 39. Kh3 0-1